| 000 | 00436nam a2200181Ia 4500 | ||
|---|---|---|---|
| 001 | 11193 | ||
| 003 | IN-NITTTR | ||
| 005 | 20251114233104.0 | ||
| 008 | 251113s9999||||xx |||||||||||||| ||eng|| | ||
| 040 | _beng | ||
| 040 | _cIN-NITTTR | ||
| 041 | _aeng | ||
| 082 | _a510 B512T | ||
| 100 | _aBindra, J. S. | ||
| 245 | 2 |
_aA text book of applied mathematics / _cBindra, J. S., Gill .K. S. |
|
| 700 | _a Gill .K. S., | ||
| 942 |
_2ddc _cBK |
||
| 999 |
_c13829 _d13829 |
||